Logo BPK

Biblioteka

Politechniki Koszalińskiej

Przystosowanie absolwentów Wydziału Geologii Uniwersytetu Warszawskiego do pracy zawodowej / (Rekord nr 27020)

Szczegóły MARC
000 -ETYKIETA REKORDU
podpole kontrolne o stałej długości 01314nam a2200325 i 4500
001 - NUMER KONTROLNY REKORDU
pole kontrolne bg
003 - IDENTYFIKATOR NUMERU KONTROLNEGO REKORDU
podpole kontrolne BPK
005 - DATA OSTATNIEJ MODYFIKACJI REKORDU
podpole kontrolne 20230213141705.0
008 - POLE O STAŁEJ DŁUGOŚCI - DANE KONTROLNE
podpole kontrolne o stałej długości 020308s1977 pl a |000 0 pol
015 ## - NUMER BIBLIOGRAFII NARODOWEJ
Numer bibliografii narodowej PB 1977/7009
040 ## - ŹRÓDŁO KATALOGOWANIA
Instytucja, która sporządziła opis WA N
Instytucja, która utworzyła rekord BPK
041 0# - KOD JĘZYKA
Kod języka tekstu pol
Kod języka streszczenia lub abstraktu rus
-- eng
080 ## - UNIWERSALNA KLASYFIKACJA DZIESIĘTNA - UKD
UKD 378.4(438)
080 ## - UNIWERSALNA KLASYFIKACJA DZIESIĘTNA - UKD
UKD 55
080 ## - UNIWERSALNA KLASYFIKACJA DZIESIĘTNA - UKD
UKD 331-057
999 ## - SYSTEM CONTROL NUMBERS (KOHA)
Koha Dewey Subclass [OBSOLETE] 301
100 1# - NAZWA OSOBOWA
Nazwa osobowa Ludkiewicz, Zofia.
245 10 - TYTUŁ/ODPOWIEDZIALNOŚĆ
Tytuł Przystosowanie absolwentów Wydziału Geologii Uniwersytetu Warszawskiego do pracy zawodowej /
Pozostałe elementy strefy tytułu i oznaczenia odpowiedzialności Zofia Ludkiewicz.
260 ## - STREFA ADRESU WYDAWNICZEGO
Miejsce wydania Warszawa ;
-- Poznań :
Nazwa wydawcy/dystrybutora Państ. Wydaw. Naukowe,
Data publikacji, dystrybucji/powstania dokumentu 1977.
300 ## - STREFA OPISU FIZYCZNEGO
Objętość 198, [1] s. :
Inne cechy fizyczne tab., wykr. ;
Rozmiary 20 cm.
490 1# - STREFA SERII I DOKUMENTU WIELOCZĘŚCIOWEGO - FORMA NIE DO WYSZUKIWANIA
Tytuł i oznaczenie odpowiedzialności serii Raporty z Badań / Ministerstwo Nauki, Szkolnictwa Wyższego i Techniki. Instytut Polityki Naukowej i Szkolnictwa Wyższego. Zakład Pedagogiki.
504 ## - UWAGA DOTYCZĄCA BIBLIOGRAFII
Informacje o bibliografii Bibliogr.
546 ## - UWAGA O JĘZYKU
Uwaga o języku Streszcz. ros., ang.
610 24 - HASŁO PRZEDMIOTOWE W FORMIE NAZWY CIAŁA ZBIOROWEGO
Nazwa ciała zbiorowego lub nazwa geograficzna Uniwersytet Warszawski.
Nazwa jednostki podrzędnej Wydział Geologii
Określnik ogólny nauczanie
-- efektywność
650 #4 - HASŁO PRZEDMIOTOWE W FORMIE NAZWY OGÓLNEJ LUB JEDNOSTKOWEJ
Nazwa ogólna lub geograficzna Geolodzy
Określnik ogólny socjologia
Określnik geograficzny Polska
Określnik chronologiczny 1956-1989 r.
651 #4 - HASŁO PRZEDMIOTOWE W FORMIE NAZWY GEOGRAFICZNEJ
Nazwa geograficzna Warszawa
Określnik ogólny szkolnictwo wyższe
Określnik chronologiczny 1956-1989 r.
830 #0 - HASŁO DODATKOWE SERII LUB DOKUMENTU WIELOCZĘŚCIOWEGO - TYTUŁ UJEDNOLICONY
Tytuł ujednolicony Raporty z Badań - Instytut Polityki Naukowej i Szkolnictwa Wyższego
856 ## - LOKALIZACJA I DOSTĘP DO ELEKTRONICZNYCH DOKUMENTÓW ZDALNYCH
Link (URL) http://koha.tu.koszalin.pl/cgi-bin/koha/opac-detail.pl?biblionumber=27020
Tekst linku Katalog online BPK
942 ## - DODATKOWE ELEMENTY (KOHA)
Schemat klasyfikacji Uniwersalna Klasyfikacja Dziesiętna
Typ dokumentu Książka
Egzemplarze
Wycofany Status egzemplarza Uszkodzony Dostępność Lokalizacja stała Lokalizacja bieżąca Miejsce przechowywania Sygnatura Kod kreskowy Typ dokumentu
      Dostępny Biblioteka Politechniki Koszalińskiej Biblioteka Politechniki Koszalińskiej Wypożyczalnia BG 24959 01664508 Książka
      Dostępny Biblioteka Politechniki Koszalińskiej Biblioteka Politechniki Koszalińskiej Wypożyczalnia BG 18760 01700312 Książka
© 2023 Biblioteka Politechniki Koszalińskiej :: KOHA